Statistics for Best NBA Athlete By Height (2012-2013)

Click here to take the quiz!

General Stats

  • This quiz has been taken 453 times
    (428 since last reset)
  • The average score is 4 of 15

Answer Stats

HeightPlayer% Correct
6'8LeBron James
98%
6'9Kevin Durant
68%
6'3Russell Westbrook
56%
6'0Chris Paul
53%
6'11Dwight Howard
44%
6'4John Wall
30%
Below 6'0Nate Robinson
26%
6'10Blake Griffin
23%
6'1Rajon Rondo
15%
Above 7'0Roy Hibbert
11%
6'7DeMar DeRozan
6%
6'6Andre Iguodala
3%
6'2Eric Bledsoe
3%
7'0JaVale McGee
3%
6'5Iman Shuphert
1%

Score Distribution

Percentile by Number Answered

Percent of People with Each Score

Your Score History

You have not taken this quiz since the last reset